000 00543nam a2200205Ia 4500
999 _c19267
_d19267
003 GCL
005 20240530100642.0
008 140319s9999 xx 000 0 eng d
040 _aGCL /
_cGCL
082 0 4 _a701.85
_bK C
100 1 _aKABAYASHI, SHIGENABE
245 1 0 _acolor image scale \
_cKABAYASHI, SHIGENABE
260 _a[S.N] :
_bKADANSHA INTERNATIONAL ،
_c1991
300 _a160P
650 0 4 _aJAPAN
650 0 4 _aCOLOUR PSYCHOLOGICAL ASPECTS
650 0 4 _aART, JAPAN
700 1 _aMATSUMAGA, TOVELLA TRASL
942 _2ddc
_cBK